| 000 | 00000nam 2200000zi 4500 |
| 001 | 9.947150 |
| 003 | CaOODSP |
| 005 | 20250324131007 |
| 006 | m o d f |
| 007 | cr mn||||||||| |
| 008 | 250120s1987 onc o f000 0 fre d |
| 040 | |aCaOODSP|bfre|erda|cCaOODSP |
| 043 | |an-cn--- |
| 086 | 1 |aCo22-749/1987F-PDF |
| 245 | 00|aEntente de coopération entre le gouvernement fédéral et Télésat Canada concernant le programme MSAT. |
| 264 | 1|a[Ottawa] : |bGouvernement du Canada, Ministère des Communications = Government of Canada, Department of Communications, |c[1987] |
| 300 | |a1 ressource en ligne (24 pages) |
| 336 | |atexte|btxt|2rdacontent/fre |
| 337 | |ainformatique|bc|2rdamedia/fre |
| 338 | |aressource en ligne|bcr|2rdacarrier/fre |
| 500 | |aÉdition numérisée de l'imprimé [par Innovation, sciences et développement économique Canada]. |
| 500 | |aPublié aussi en anglais sous le titre : Joint endeavour agreement between the Federal Government and Telesat Canada concerning co-operation on the MSAT program. |
| 650 | 6|aSatellites artificiels dans les télécommunications|xPolitique gouvernementale|zCanada. |
| 710 | 1 |aCanada. |bMinistère des communications, |eorganisme de publication. |
| 775 | 08|tJoint endeavour agreement between the federal government and Telesat Canada concerning co-operation on the MSAT program.|w(CaOODSP)9.939501 |
| 856 | 40|qPDF|s1.16 Mo|uhttps://publications.gc.ca/collections/collection_2025/isde-ised/co22/Co22-749-1987-fra.pdf |